[Event "BISPO"]
[Site "http://www.queenalice.com/game.php?id=461774"]
[Date "2008.9.11"]
[Round "-"]
[White "Jake"]
[Black "BISPO_Daniel"]
[Result "0-1"]
[WhiteElo "1197"]
[BlackElo "1206"]

1. e3 Nf6 2. Bc4 Ne4 3. Qf3 d5 4. Bb3 h5 5. d3 Bg4 6. Qf4 Nc6 7. Nc3 e5 8. h3
exf4 9. dxe4 dxe4 10. exf4 Bb4 11. hxg4 Nd4 12. Rb1 Qe7 13. Kd1 e3 14. Nd5 Qd6
15. Nxe3 Ne2+ 16. Kxe2 Qa6+ 17. Bc4 b5 18. c3 bxc4 19. cxb4 c3+ 20. Kd1 Qd3+ 21.
Ke1 Qxb1 22. Kd1 Rd8+ 23. Ke1 Qxc1+ 24. Nd1 Qxd1# 0-1

[Event "Let's Play Chess!"]
[Site "http://www.queenalice.com/game.php?id=462226"]
[Date "2008.9.12"]
[Round "-"]
[White "therota2"]
[Black "Jake"]
[Result "1-0"]
[WhiteElo "1472"]
[BlackElo "1172"]

1. d4 e6 2. c3 Bd6 3. e4 Nc6 4. e5 Be7 5. Bf4 Bh4 6. g3 Be7 7. Nf3 d6 8. Qa4
dxe5 9. dxe5 Bd7 10. Qb3 b6 11. Bd3 Na5 12. Qd1 Bc5 13. b4 Be7 14. bxa5 bxa5 15.
Qb3 Bc6 16. Bb5 Kf8 17. Bxc6 Rb8 18. Qa4 g6 19. Qxa5 Rb2 20. Qxa7 Qd3 21. Nbd2
Qc2 22. Qxc7 Qxc3 23. Qc8+ Kg7 24. Ke2 Rb4 25. h4 f6 26. Qxe6 g5 27. hxg5 fxe5
28. Bxe5+ Qxe5+ 29. Qxe5+ Kg6 30. Qxh8 Rb8 31. Qxh7# 1-0

[Event "Let's Play Chess!"]
[Site "http://www.queenalice.com/game.php?id=464709"]
[Date "2008.9.17"]
[Round "-"]
[White "sia"]
[Black "Jake"]
[Result "1-0"]
[WhiteElo "1830"]
[BlackElo "1213"]

1. b3 e6 2. Bb2 Bd6 3. Nf3 Qf6 4. Bxf6 gxf6 5. g3 a6 6. Bg2 Nc6 7. O-O Bc5 8. e3
f5 9. Ng5 f6 10. Qh5+ Ke7 11. Nxh7 d5 12. Qg6 Bd7 13. Qg7+ Kd8 14. Qxh8 d4 15.
Qxg8+ Be8 16. Nxf6 Ke7 17. Nxe8 Rxe8 18. Qg7+ Kd8 19. Bxc6 bxc6 20. exd4 Bb4 21.
c3 Bf8 22. Qf6+ Kc8 23. Qf7 Rd8 24. Qxe6+ Kb7 25. Qxf5 Re8 26. b4 Bd6 27. Na3
Rf8 28. Qg6 c5 29. bxc5 a5 30. cxd6 cxd6 31. Qg7+ Kc6 32. Rab1 Rf3 33. Qb7# 1-0

[Event "Let's Play Chess!"]
[Site "http://www.queenalice.com/game.php?id=464799"]
[Date "2008.9.17"]
[Round "-"]
[White "Aylton"]
[Black "Jake"]
[Result "1-0"]
[WhiteElo "1921"]
[BlackElo "1184"]

1. d4 e6 2. c4 c6 3. Nf3 Qe7 4. Nc3 Qb4 5. Qb3 Nf6 6. c5 Qxb3 7. axb3 Na6 8. Bd2
Nb4 9. O-O-O Nh5 10. e4 b6 11. Na4 b5 12. Bxb4 Be7 13. Nc3 O-O 14. Ne2 d5 15.
cxd6 a5 16. dxe7 Re8 17. Bc5 Nf6 18. Ng3 Ng4 19. Rd2 a4 20. bxa4 Rxa4 21. e5
Ra1+ 22. Kc2 b4 23. Bxb4 h6 24. h3 c5 25. Bxc5 Bb7 26. hxg4 Ba6 27. Bxa6 Rxa6
28. g5 hxg5 29. Nxg5 f6 30. exf6 gxf6 31. Nh7 Ra2 32. Nxf6+ Kf7 33. Nge4 Rxe7
34. Rh7+ Kg6 35. Bxe7 Kf5 36. g4+ Kf4 37. Bd6+ Kf3 38. Rh3+ Kg2 39. Rg3+ Kh2 40.
f3+ Kh1 41. Rh3+ Kg1 42. Bh2+ Kh1 43. Ng3# 1-0

[Event "Let's Play Chess!"]
[Site "http://www.queenalice.com/game.php?id=465762"]
[Date "2008.9.20"]
[Round "-"]
[White "stephancharette"]
[Black "Jake"]
[Result "1-0"]
[WhiteElo "1389"]
[BlackElo "1179"]

1. b3 e6 2. d3 Bc5 3. Be3 d6 4. Nf3 Qf6 5. c3 Bxe3 6. fxe3 b5 7. Qc2 Nc6 8. d4
Ba6 9. Nbd2 Nh6 10. O-O-O g5 11. Ne4 Qg7 12. Nexg5 Ng4 13. Rd2 O-O 14. Qe4 Nf2
15. Qxc6 f6 16. Nxe6 Qe7 17. Nxf8 Rxf8 18. Qd5+ Qf7 19. Qxf7+ Rxf7 20. Rg1 Ng4
21. h3 Nxe3 22. g4 Bb7 23. Bg2 c5 24. Nh4 cxd4 25. Bxb7 Rxb7 26. Rxd4 Rd7 27.
Nf5 a5 28. Nxe3 b4 29. cxb4 axb4 30. Rxb4 Rc7+ 31. Nc4 d5 32. Rf1 dxc4 33. Rxc4
Re7 34. Rc2 Re3 35. Rf3 Re5 36. Rxf6 Kg7 37. Rf5 Rxf5 38. Kb2 Rf1 39. a4 Re1 40.
Kc3 h6 41. b4 Rf1 42. Kb3 Rh1 43. Rc3 Rh2 44. Re3 Kg6 45. b5 Kg5 46. b6 Kh4 47.
b7 Rxh3 48. Rxh3+ Kxh3 49. b8=Q Kxg4 50. a5 h5 51. a6 h4 52. a7 h3 53. Qh2 Kh4
54. a8=Q Kg4 55. Qa4+ Kh5 56. e3 Kg5 57. Qaf4+ Kh5 58. Qf3+ Kh4 59. Qhg3# 1-0

[Event "Let's Play Chess!"]
[Site "http://www.queenalice.com/game.php?id=467419"]
[Date "2008.9.23"]
[Round "-"]
[White "Jake"]
[Black "axelsun"]
[Result "0-1"]
[WhiteElo "1197"]
[BlackElo "1892"]

1. e3 e5 2. Bc4 d5 3. Bb3 Nf6 4. Qf3 Bg4 5. Qg3 Nc6 6. Nc3 Be6 7. d4 exd4 8.
exd4 Nxd4 9. Ba4+ c6 10. h3 Bb4 11. Qxg7 Rg8 12. Qh6 Rxg2 13. Bg5 Be7 14. Nd1
Nf5 15. Qxf6 Bxf6 16. Bxf6 Qxf6 17. Nc3 Nd4 18. Rd1 Qxf2# 0-1

[Event "Let's Play Chess!"]
[Site "http://www.queenalice.com/game.php?id=468057"]
[Date "2008.9.24"]
[Round "-"]
[White "Jake"]
[Black "ainsworth"]
[Result "0-1"]
[WhiteElo "1197"]
[BlackElo "2114"]

1. e3 e5 2. Bc4 d5 3. Bb3 Nf6 4. Nf3 Bd6 5. h3 Bf5 6. d3 Nbd7 7. Ba4 O-O 8. c4
e4 9. dxe4 dxe4 10. Ng5 h6 11. Qb3 Nc5 12. Qb5 hxg5 13. Qxb7 Nxb7 14. Nc3 Nc5
15. O-O Nxa4 16. Nxa4 Qd7 17. g4 Bxg4 18. hxg4 Qxg4+ 19. Kh1 Qh3+ 20. Kg1 Qh2#
0-1

[Event "Lost me"]
[Site "http://www.queenalice.com/game.php?id=482466"]
[Date "2008.10.24"]
[Round "-"]
[White "spawnwolfwolverine"]
[Black "Jake"]
[Result "1-0"]
[WhiteElo "1591"]
[BlackElo "1215"]

1. c4 e6 2. d3 Bc5 3. e4 Qf6 4. Nf3 Nh6 5. Bxh6 gxh6 6. Be2 Rg8 7. O-O Qg7 8. g3
Qg4 9. a3 Qh5 10. Nd4 Bxd4 11. Bxh5 Bxb2 12. Nd2 Bxa1 13. Qxa1 Rg5 14. Qh8+ Ke7
15. g4 Na6 16. Nf3 Ra5 17. Qxh7 Rxa3 18. Qxf7+ Kd6 19. Qf8+ Kc6 20. Qxa3 b6 21.
Ne5+ Kb7 22. Rb1 d6 23. Nf7 e5 24. Nd8+ Kb8 25. c5 dxc5 26. d4 cxd4 27. f4 exf4
28. Kf2 Nc5 29. Kf3 a5 30. Kxf4 d3 31. Ke3 Ka7 32. Nc6+ Kb7 33. Ne7 Bd7 34. h4
Re8 35. Bxe8 Bxe8 36. h5 Bb5 37. Rxb5 c6 38. Rxc5 bxc5 39. Qxa5 c4 40. Qb4+ Kc7
41. Qxc4 Kd7 42. Nxc6 Kd6 43. Qd5+ Kc7 44. Kxd3 Kb6 45. Kc4 Kc7 46. Kc5 Kb7 47.
Kd6 Kb6 48. Kd7 Kb7 49. Qb5+ Ka8 50. Qb8# 1-0

[Event "Filho"]
[Site "http://www.queenalice.com/game.php?id=482467"]
[Date "2008.10.24"]
[Round "-"]
[White "spawnwolfwolverine"]
[Black "Jake"]
[Result "0-1"]
[WhiteElo "1592"]
[BlackElo "1189"]

1. d4 e6 2. e3 d5 3. g3 b6 4. Bg2 g6 5. Nf3 Qf6 6. O-O g5 7. Nc3 Nd7 8. b3 Ba6
9. Re1 h6 10. a4 Bb4 11. Bb2 c5 12. dxc5 bxc5 13. Qd2 g4 14. Nh4 Rc8 15. a5 c4
16. Qd4 Qxd4 17. exd4 cxb3 18. Na4 Bxe1 19. Rxe1 bxc2 20. Nc5 Nxc5 21. dxc5 Rxc5
22. Bd4 Rxa5 23. Bxh8 Rb5 24. f3 Rb1 25. Rxb1 cxb1=Q+ 26. Bf1 Qxf1# 0-1

[Event "Challenge"]
[Site "http://www.queenalice.com/game.php?id=483429"]
[Date "2008.10.26"]
[Round "-"]
[White "dandi27"]
[Black "Jake"]
[Result "1-0"]
[WhiteElo "1362"]
[BlackElo "1224"]

1. e4 e5 2. Nf3 Qf6 3. Bc4 Bc5 4. d3 g5 5. Bxg5 Qg7 6. Nc3 h6 7. Bh4 Qxg2 8. Rf1
d6 9. Bb5+ c6 10. Rg1 Bxf2+ 11. Kd2 Bxg1+ 12. Kc1 Be3+ 13. Kb1 Bg4 14. a4 Qf2
15. Ng1 Bxd1 16. Bxf2 Bxf2 17. Nh3 cxb5 18. Nxf2 Bf3 19. axb5 Nd7 20. Nd5 Kd8
21. b6 Nxb6 22. Nb4 a6 23. Ra3 h5 24. d4 Bg2 25. Rg3 a5 26. Nbd3 Bf1 27. Ne1
exd4 28. Nf3 Na4 29. Ng5 f6 30. Nf7+ Ke8 31. Nxh8 Ke7 32. Ng6+ Kf7 33. b3 Nc3+
34. Kb2 a4 35. Kc1 Na2+ 36. Kb1 axb3 37. cxb3 Nc3+ 38. Kc2 Rc8 39. Nf4 Nxe4+ 40.
Rc3 dxc3 41. Nxe4 d5 42. Nd6+ Kg7 43. Nxc8 d4 44. Nxh5+ Kg6 45. Nf4+ Kf5 46. Nd5
Bg2 47. Nde7+ Nxe7 48. Nxe7+ Ke6 49. Ng6 Be4+ 50. Kd1 Bxg6 51. Ke2 f5 52. b4 c2
53. Kd2 f4 54. b5 f3 55. h4 f2 56. Ke2 c1=Q 57. Kxf2 Bd3 58. h5 Qf1+ 59. Kg3 Be2
60. h6 Qf3+ 61. Kh4 1-0

[Event "Let's Play Chess!"]
[Site "http://www.queenalice.com/game.php?id=485018"]
[Date "2008.10.29"]
[Round "-"]
[White "CampbellMarcel"]
[Black "Jake"]
[Result "1-0"]
[WhiteElo "1794"]
[BlackElo "1219"]

1. c4 e5 2. Nc3 Qf6 3. g3 Bc5 4. Ne4 Qc6 5. d3 f5 6. Nxc5 Qxh1 7. Nf3 b6 8. Nb3
d6 9. Bg5 f4 10. Kd2 fxg3 11. fxg3 h6 12. Be3 Nf6 13. Qc2 a5 14. Bh3 Qxa1 15.
Nxa1 Bxh3 16. Qa4+ Nfd7 17. d4 exd4 18. Nxd4 O-O 19. Nf3 Bg4 20. Nd4 Rf1 21.
Nac2 Rh1 22. Nc6 Na6 23. Ne7+ Kf7 24. Qc6 Rxh2 25. Qxa8 Rxe2+ 26. Kc3 Kxe7 27.
Qxa6 Nc5 28. Bxc5 dxc5 29. Qb7 Kd7 30. Qd5+ Kc8 31. Qg8+ Kb7 32. Qxg7 Rg2 33.
Qxg4 Rh2 34. Ne3 h5 35. Qe4+ Ka6 36. Qa8# 1-0

[Event "Challenge"]
[Site "http://www.queenalice.com/game.php?id=485048"]
[Date "2008.10.29"]
[Round "-"]
[White "sebastiam"]
[Black "Jake"]
[Result "1-0"]
[WhiteElo "1522"]
[BlackElo "1211"]

1. Nc3 e6 2. e3 Qf6 3. Ne4 Nh6 4. Nxf6+ gxf6 5. b3 Bg7 6. Qf3 d5 7. Qg3 Rg8 8.
Qxc7 Nd7 9. Bb5 a6 10. Ba3 axb5 11. Qd6 Rxa3 12. Qxa3 f5 13. Qa8 Nb6 14. Qb8
Bxa1 15. Nf3 Rxg2 16. Qc7 Ng4 17. Ng5 Nf6 18. Nxf7 Nbd7 19. Nd6+ Ke7 20. Kf1 Rg8
21. Ke2 Be5 22. Qxb7 Bxb7 23. Nxb5 Ba6 24. c4 dxc4 25. bxc4 Rc8 26. Rg1 Rxc4 27.
Na3 Rg4+ 28. d3 Rxg1 29. f4 Bb2 30. Nc2 Rg2+ 31. Kd1 Bxd3 32. Ne1 Bc2+ 33. Nxc2
Rxh2 34. Nd4 Bxd4 35. exd4 Rxa2 36. Kc1 Ra4 37. Kd2 Rxd4+ 38. Ke3 Ra4 39. Kf3
Nc5 40. Ke3 h5 41. Kf3 h4 42. Kg2 Rxf4 43. Kh3 Nce4 44. Kh2 Ng4+ 45. Kh3 Ngf2+
46. Kg2 Rg4+ 47. Kf3 h3 48. Ke2 1-0

[Event "Mr. Eko"]
[Site "http://www.queenalice.com/game.php?id=489000"]
[Date "2008.11.6"]
[Round "-"]
[White "dladuke7"]
[Black "Jake"]
[Result "1-0"]
[WhiteElo "1536"]
[BlackElo "1228"]

1. e4 e5 2. Nf3 Qf6 3. a3 Bc5 4. b4 Bd4 5. c3 Bb6 6. a4 a6 7. a5 Ba7 8. Na3 b6
9. Nc4 bxa5 10. Nxa5 g6 11. Nc4 Nc6 12. d4 exd4 13. cxd4 Nxb4 14. Nce5 d6 15.
Bg5 Qe6 16. Bc4 d5 17. exd5 Qf5 18. Qa4+ Nc6 19. Qxc6+ Bd7 20. Qxa8+ Bc8 21.
Qc6+ Bd7 22. Qxd7+ Qxd7 23. Nxd7 Kxd7 24. Rxa6 f6 25. Bb5+ Kc8 26. Rxa7 fxg5 27.
Nxg5 Ne7 28. Ra8+ Kb7 29. Rxh8 Nxd5 30. O-O c6 31. Rxh7+ Kb6 32. Rb1 Nc3 33. Rb3
cxb5 34. Rxc3 b4 35. Rb3 Kb5 36. Rb7+ Kc4 37. R7xb4+ Kd5 38. f3 Kd6 39. Ne4+ Kd5
40. g4 g5 41. Nxg5 Kd6 42. Rb5 Kc6 43. d5+ Kd6 44. Re3 1-0

[Event "Mr. Eko"]
[Site "http://www.queenalice.com/game.php?id=489001"]
[Date "2008.11.6"]
[Round "-"]
[White "axelsun"]
[Black "Jake"]
[Result "1-0"]
[WhiteElo "1883"]
[BlackElo "1214"]

1. Nf3 e6 2. d4 Bb4+ 3. Bd2 Bxd2+ 4. Nbxd2 Nc6 5. e4 a6 6. Be2 Qf6 7. Nb3 Nh6 8.
c3 Qf4 9. Qc2 a5 10. Rd1 Ng4 11. Nc5 b6 12. Nb3 d5 13. e5 a4 14. Nbd2 f6 15. Bb5
Bb7 16. h3 Ne3 17. fxe3 Qxe3+ 18. Kf1 fxe5 19. Nxe5 Rf8+ 20. Ndf3 Ke7 21. Nxc6+
Kd6 22. Ne5 Ra5 23. Re1 Qf4 24. Bd7 a3 25. Bxe6 Kxe6 26. Nd3+ Qe4 27. Rxe4+ dxe4
28. Qb3+ 1-0

[Event "Zilmara"]
[Site "http://www.queenalice.com/game.php?id=491510"]
[Date "2008.11.11"]
[Round "-"]
[White "XaraX"]
[Black "Jake"]
[Result "1-0"]
[WhiteElo "1786"]
[BlackElo "1205"]

1. d4 d5 2. c4 dxc4 3. Nc3 e6 4. e4 Bb4 5. Bd2 Qxd4 6. Nf3 Qf6 7. Bxc4 Nd7 8. a3
Ne5 9. Nxe5 Qxe5 10. axb4 a6 11. O-O Qd4 12. Qe2 b5 13. Bxb5+ axb5 14. Rxa8 Qxb4
15. Rxc8+ Kd7 16. Rxg8 Rxg8 17. Qxb5+ Qxb5 18. Nxb5 c6 19. Nc3 Rb8 20. Na4 Rb3
21. Bc3 f5 22. Rd1+ Ke7 23. exf5 exf5 24. Rd4 Rb5 25. Rb4 Rd5 26. g3 Rd1+ 27.
Kg2 Rd3 28. Bxg7 Rd2 29. Bc3 Rc2 30. Rb7+ Kd6 31. Rxh7 Re2 32. Nb6 Re4 33. h4
Re6 34. h5 Kc5 35. Nd7+ Kd6 36. Bb4+ Kd5 37. Nb6+ Ke5 38. Bc3+ Kd6 39. h6 Kc5
40. Nd7+ Kd6 41. Nf8 Re8 42. Ng6 Ke6 43. Rg7 Rd8 44. h7 Rh8 45. Nxh8 c5 46. Nf7
c4 47. h8=Q f4 48. Ng5+ Kf5 49. Qf8+ Kg4 50. Nf3+ Kh5 51. Qh8# 1-0

[Event "Let's Play Chess!"]
[Site "http://www.queenalice.com/game.php?id=491825"]
[Date "2008.11.11"]
[Round "-"]
[White "jmc_5254"]
[Black "Jake"]
[Result "1-0"]
[WhiteElo "1368"]
[BlackElo "1207"]

1. d4 d5 2. c4 dxc4 3. e4 e5 4. d5 Bc5 5. Bxc4 Qf6 6. Qf3 Bg4 7. Qxg4 Qxf2+ 8.
Kd1 Qf1+ 9. Bxf1 Bd4 10. Qxg7 Bxg1 11. Qxh8 Kf8 12. Rxg1 Nd7 13. Bb5 c6 14. d6
Re8 15. Bh6# 1-0

[Event "Figo"]
[Site "http://www.queenalice.com/game.php?id=492168"]
[Date "2008.11.12"]
[Round "-"]
[White "MalucoO"]
[Black "Jake"]
[Result "1-0"]
[WhiteElo "2066"]
[BlackElo "1207"]

1. e4 e5 2. Nf3 Bc5 3. c3 b6 4. d4 exd4 5. cxd4 Bb4+ 6. Nc3 d6 7. Bc4 Bg4 8.
Bxf7+ Kxf7 9. Qb3+ d5 10. Qxb4 Nc6 11. Ne5+ Kf6 12. Nxg4+ Kg6 13. Ne5+ Kf6 14.
Nxc6 Qd7 15. Nxd5+ Ke6 16. Qc4 Rf8 17. Nxc7+ Kd6 18. Nb5# 1-0

[Event "200811 Negras 03"]
[Site "http://www.queenalice.com/game.php?id=494822"]
[Date "2008.11.18"]
[Round "-"]
[White "Jake"]
[Black "SRIVERO"]
[Result "0-1"]
[WhiteElo "1217"]
[BlackElo "1695"]

1. e3 d5 2. Qf3 Nf6 3. Nh3 Bg4 4. Qf4 Bxh3 5. gxh3 Nh5 6. Qf3 Nf6 7. Nc3 e6 8.
a3 Nbd7 9. Bg2 Ne5 10. Qe2 Bd6 11. Na4 O-O 12. f4 Nc4 13. d3 Nb6 14. Nc3 c6 15.
d4 Rc8 16. O-O Re8 17. Rf3 c5 18. dxc5 Bxc5 19. Rg3 e5 20. fxe5 Rxe5 21. Nb5 a6
0-1